| 000 | 01087nam a22002177a 4500 | ||
|---|---|---|---|
| 001 | 000195665 | ||
| 003 | AM-YeHGA | ||
| 005 | 20250617123858.0 | ||
| 008 | 960705s1988 ru ||||| |||| 00| 0 rus d | ||
| 040 | _aAM-YeHGA | ||
| 041 | 0 | _arus | |
| 245 | 0 | 0 |
_aУправление плодородием почв в интенсивных системах земледелия : _bСборник научных трудов / _cВАСХНИЛ, Сиб. отд-ние, Сиб. НИИ земледелия и химизации сел. хоз-ва ; [Редкол.: В.И. Кирюшин (отв. ред.) и др.]. |
| 260 | 0 |
_aНовосибирск : _bСО ВАСХНИЛ, _c1988. |
|
| 300 |
_a171 с. ; _c20 см. |
||
| 500 | _aБиблиогр. в конце ст. | ||
| 650 | 1 | 4 | _aПлодородие почвы - Сибирь |
| 700 | 1 | 0 |
_aКирюшин, Валерий Иванович _4edt _eред. |
| 710 | 2 | _aСибирский НИИ земледелия и химизации сельского хозяйства(Новосибирск) | |
| 942 |
_2udc _cBK |
||
| 090 | _c68930 | ||
| 999 |
_c67773 _d67773 |
||